My grandpa is great = (Record no. 182234)

MARC details
000 -CABECERA
campo de control de longitud fija 00750nam a2200229 a 4500
005 - FECHA Y HORA DE LA ÚLTIMA TRANSACCIÓN
campo de control 20220817104734.0
008 - ELEMENTOS DE LONGITUD FIJA--INFORMACIÓN GENERAL
campo de control de longitud fija 160504s2008 ea r 000 0 spa d
020 ## - NÚMERO INTERNACIONAL NORMALIZADO PARA LIBROS
Número Internacional Estándar del Libro 9781407509426
035 ## - NÚMERO DE CONTROL DEL SISTEMA
Número de control de sistema UPN01000210133
049 ## - COLECCIÓN
Colección I
050 #4 - SIGNATURA TOPOGRÁFICA DE LA BIBLIOTECA DEL CONGRESO
Número de clasificación PZ71
Número de documento/Ítem G6.58
100 1# - ASIENTO PRINCIPAL--NOMBRE PERSONAL
Nombre de persona Goldsack, Gaby,
Fechas asociadas al nombre 1966-
9 (RLIN) 33471
245 10 - MENCIÓN DE TÍTULO
Título My grandpa is great =
Resto del título Mi abuelo es estupendo /
Mención de responsabilidad, etc. Gaby Goldsack ; il. Sara Walker ; tr. Marina Bendersky.
260 ## - PUBLICACIÓN, DISTRIBUCIÓN, ETC.
Lugar de publicación, distribución, etc. Inglaterra :
Nombre del editor, distribuidor, etc. Parragon,
Fecha de publicación, distribución, etc. 2008.
300 ## - DESCRIPCIÓN FÍSICA
Extensión [27] p. :
Otras características físicas principalmente il. col.
500 ## - NOTA GENERAL
Nota general Texto en inglés y español
650 #7 - ASIENTO SECUNDARIO DE MATERIA - TERMINO TEMATICO
Término de materia o nombre geográfico como elemento de entrada Abuelos
Subdivisión de forma Literatura infantil
Fuente del encabezamiento o término
9 (RLIN) 11576
650 #0 - ASIENTO SECUNDARIO DE MATERIA - TERMINO TEMATICO
Término de materia o nombre geográfico como elemento de entrada Literatura infantil inglesa
9 (RLIN) 11046
740 0# - ASIENTO SECUNDARIO - TÍTULOS RELACIONADOS /ANALITICOS NO CONTROLADOS
Título relacionado o analítico no controlado Mi abuelo es estupendo
905 ## - TIPO DE MATERIAL
Tipo de material Infantil
Holdings
Estado de retiro Estado de pérdida Fuente del sistema de clasificación o colocación Estado dañado No para préstamo Código de colección Localización permanente Ubicación/localización actual Ubicación en estantería Fecha de adquisición Total de préstamos Clasificación Código de barras Fecha visto por última vez Número de copia Tipo de ítem Koha
    Library of Congress Classification     Infantil Bib. Gregorio Torres Quintero Bib. Gregorio Torres Quintero Sala infantil Planta baja 10/05/2023 1 PZ71 G6.58 310521 31/12/2020 1 Libro